El costarricense (Registro nro. 5189)
[ vista simple ]
| 000 -Cabecera | |
|---|---|
| Campo de control de longitud fija | 00449aam a2200181 4500 |
| 005 - Fecha y hora de la última transacción | |
| Campo de control | 20231009121208.0 |
| 008 - Elementos de longitud fija--Información general | |
| Campo de control de longitud fija | 150507b1985 xxu||||| |||| 00| 0 spa d |
| 020 ## - International Standard Book Number | |
| Número Internacional Estándar del Libro (ISBN) | 997730016X |
| 041 ## - Idioma | |
| Código de idioma | Español |
| 082 ## - Clasificación Decimal Dewey | |
| Número de clasificación | 306 L341c |
| 100 ## - Entrada principal--Autor personal | |
| Nombre personal | Lascaris, Constantino |
| 9 (RLIN) | 8875 |
| 245 ## - Título propiamente dicho | |
| Título | El costarricense |
| 260 ## - Pie de imprenta | |
| Lugar de publicación, distribución, etc. | Costa Rica |
| Nombre del editor, distribuidor, etc. | EDUCA |
| Fecha de publicación, distribución, etc. | 1985 |
| 300 ## - Descripción física | |
| Extensión | 484 páginas |
| 650 ## - Materia general | |
| Temática (materia general) | COSTA RICA |
| 650 ## - Materia general | |
| Temática (materia general) | ANTROPOLOGÍA SOCIAL |
| 942 ## - Punto de acceso adicional KOHA | |
| Tipo de ítem KOHA | Libro |
| Fuente del sistema de clasificación o colocación | Dewey Decimal Classification |
| Signatura completa | Código de barras | Tipo de ítem |
|---|---|---|
| 306 L341c | 288 | Libro |
| 306 L341c | 289 | Libro |
| 306 L341c | 290 | Libro |
| 306 L341c | 291 | Libro |